Statystyki dla 100 postaci z Harry'ego Pottera

Kliknij tutaj aby rozwiązać quiz!

Ogólne statystyki

  • Ten quiz został rozwiązany 251 razy
  • Średni wynik to 32 z 100

Statystyki odpowiedzi

LpBohater% Poprawnych
44Harry Potter
100%
86Ron Weasley
92%
45Hermiona Granger
90%
3Albus Dumbledore / Albus
84%
90Severus Snape
75%
27Draco Malfoy
74%
39Ginny Weasley
73%
34Fred Weasley
72%
37George Weasley
71%
13Artur Weasley
70%
94Syriusz Black
69%
49James Potter
67%
63Molly Weasley
67%
82Remus Lupin
65%
42Hagrid
64%
58Lucjusz Malfoy
64%
56Lily Potter
63%
18Bill Weasley
59%
57Lord Voldemort
59%
60Luna Lovegood
57%
67Narcyza Malfoy
55%
76Percy Weasley
55%
17Bellatrix Lestrange
54%
20Charlie Weasley
54%
26Dolores Umbridge
54%
100Zgredek
53%
2Alastor Moody
51%
68Neville Longbottom
50%
21Cho Chang
43%
70Nimfadora Tonks
39%
19Cedric Diggory
38%
28Dudley Dursley
38%
62Minerva McGonagall
38%
78Petunia Dursley
38%
1Aberforth Dumbledore
37%
77Peter Pettigrew
37%
33Fleur Delacour
35%
92Stworek
35%
96Vernon Dursley
35%
14Barty Crouch Junior
33%
25Dean Thomas
33%
12Argus Filch
32%
38Gilderoy Lockhart
30%
51Korneliusz Knot
30%
89Seamus FInnigan
30%
46Horacy Slughorn
28%
31Filius Flitwick
27%
48Irytek
27%
73Pansy Parkinson
27%
97Viktor Krum
25%
40Gregory Goyle
24%
50Katy Bell
24%
54Lavender Brown
23%
80Pomona Sprout
22%
98Vincent Crabbe
22%
74Parvati Patil
21%
8Andromeda Tonks
20%
32Firenzo
20%
53Kwiryniusz Quirrell
19%
66Nagini
19%
52Ksenofilius Lovegood
18%
55Lee Jordan
18%
9Angelina Johnson
17%
47Igor Karkarow
17%
4Alecto Carrow
16%
7Amycus Carrow
16%
43Hardodziob
16%
83Rita Skeeter
16%
64Mrużka
15%
6Amos Diggory
14%
81Poppy Pomfrey
14%
30Fenrir Greyback
13%
23Colin Creevey
12%
36Gellert Grindelwald
11%
41Gryfek
11%
71Olimpia Maxim
11%
72Olivier Wood
11%
10Antonin Dołohow
10%
24Cormac McLaggen
10%
87Rudolf Lestrange
10%
93Susan Bones
10%
95Ted Tonks
10%
15Barty Crouch Senior
9%
59Ludo Bagman
9%
84Rolanda Hooch
9%
5Amelia Bones
7%
16Bathilda Bagshot
7%
69Nicolas Flamel
7%
11Arabella Figg
6%
29Elfias Doge
5%
35Garrick Olivander
5%
91Stan Shunpike
5%
99Yaxley
4%
61Meropa Gaunt
3%
22Ciotka Muriel
2%
65Mykew Gregorowicz
1%
75Penelopa Cleanwater
1%
79Pius Thicknese
1%
85Romilda Vein
1%
88Rufus Scriemgour
1%

Rozkład punktacji

Percentyl według liczby udzielonych odpowiedzi

Procent ludzi z każdym wynikiem

Twoja historia wyników

Nie rozwiązałeś tego quizu